Liam Payne - Midnight (All Lyrics) - Statistics

General Stats
  • This quiz has been taken 7 times
  • The average score is 233 of 326
Answer Stats
Answer % Correct
a
100%
and
100%
And
100%
fall
100%
here
100%
I
100%
in
100%
just
100%
midnight
100%
stay
100%
wanna
100%
When
100%
when
100%
alive
67%
all
67%
Always
67%
around
67%
back
67%
be
67%
before
67%
bring
67%
came
67%
Came
67%
disappear
67%
do
67%
don't
67%
doubts
67%
down
67%
else
67%
falling
67%
far
67%
feel
67%
felt
67%
for
67%
give
67%
gonna
67%
grace
67%
hold
67%
Hold
67%
how
67%
I'm
67%
into
67%
it
67%
kill
67%
know
67%
lay
67%
like
67%
Like
67%
living
67%
Looking
67%
losing
67%
lost
67%
love
67%
made
67%
me
67%
my
67%
Never
67%
nobody
67%
not
67%
nothing's
67%
now
67%
Now
67%
of
67%
only
67%
places
67%
quite
67%
race
67%
Really
67%
right
67%
rock
67%
scared
67%
the
67%
they
67%
thought
67%
till
67%
Time
67%
time
67%
to
67%
too
67%
Used
67%
Want
67%
was
67%
ways
67%
we
67%
we'll
67%
what
67%
worth
67%
wrong
67%
Yeah
67%
yeah
67%
you
67%
Any
33%
broken
33%
but
33%
enjoyed
33%
figure
33%
from
33%
heal
33%
heart
33%
make
33%
morning
33%
numb
33%
out
33%
problem
33%
set
33%
So
33%
wasted
33%
wasted's
33%
while
33%
fell
0%
No matching quizzes found
Score Distribution
Percent of People with Each Score
Percentile by Number Answered
Your Score History
You have not taken this quiz